| 000 | 00717cam a22002531 4500 | ||
|---|---|---|---|
| 001 | 16646 | ||
| 003 | BD-RjUL | ||
| 005 | 20211209000033.0 | ||
| 008 | 140215s19641952enk 000 0 eng | ||
| 035 | _a(BD-RjUL)16701 | ||
| 035 | _a(OCoLC)566429 | ||
| 040 |
_aDLC _cODaWU _dUk _dBD-RjUL _beng |
||
| 041 | _aeng | ||
| 082 |
_a669 _bHAO 1964 |
||
| 100 | 1 |
_aHayward, Carle Reed, _d1880- _951428 |
|
| 245 | 1 | 3 |
_aAn outline of metallurgical practice / _cCarle Reed Hayward |
| 250 | _a3d ed. | ||
| 260 |
_aToronto, New York : _bVan Nostrand , _c1952 [ Reprinted 1964] |
||
| 300 |
_a728 p. : _bills. ; _c25 cm. |
||
| 650 | 0 |
_aMetallurgy. _951429 |
|
| 942 |
_2ddc _cBK |
||
| 999 |
_c16646 _d16646 |
||